|
|
|
|
| LEADER |
02103nam a22003975i 4500 |
| 001 |
978-94-6091-891-9 |
| 003 |
DE-He213 |
| 005 |
20151204171038.0 |
| 007 |
cr nn 008mamaa |
| 008 |
121026s2012 ne | s |||| 0|eng d |
| 020 |
|
|
|a 9789460918919
|9 978-94-6091-891-9
|
| 024 |
7 |
|
|a 10.1007/978-94-6091-891-9
|2 doi
|
| 040 |
|
|
|d GrThAP
|
| 050 |
|
4 |
|a L1-991
|
| 072 |
|
7 |
|a JN
|2 bicssc
|
| 072 |
|
7 |
|a EDU000000
|2 bisacsh
|
| 082 |
0 |
4 |
|a 370
|2 23
|
| 245 |
1 |
0 |
|a Mother-Scholar
|h [electronic resource] :
|b (Re)imagining K-12 Education /
|c edited by Yvette V. Lapayese.
|
| 264 |
|
1 |
|a Rotterdam :
|b SensePublishers :
|b Imprint: SensePublishers,
|c 2012.
|
| 300 |
|
|
|a XXVI, 50 p.
|b online resource.
|
| 336 |
|
|
|a text
|b txt
|2 rdacontent
|
| 337 |
|
|
|a computer
|b c
|2 rdamedia
|
| 338 |
|
|
|a online resource
|b cr
|2 rdacarrier
|
| 347 |
|
|
|a text file
|b PDF
|2 rda
|
| 490 |
1 |
|
|a Transgressions, Cultural Studies and Education ;
|v 85
|
| 520 |
|
|
|a Mother-Scholar presents another way of knowing. The book illuminates the narratives of prominent mother-scholars in the discipline of education who are determined to (re)imagine a different educational space not only for their own children, but for all children. Today’s schools are male-centered institutions in which standardized testing, rational mind, and emotionless space prevent children from realizing their full potential as creative, intelligent and soulful beings. Mother-scholars in the discipline of education assert that when motherhood and intellect confront and inform each other, a new thinking emerges to capture the possibility of humanizing education beyond the private relationships between mothers and children.
|
| 650 |
|
0 |
|a Education.
|
| 650 |
1 |
4 |
|a Education.
|
| 650 |
2 |
4 |
|a Education, general.
|
| 700 |
1 |
|
|a Lapayese, Yvette V.
|e editor.
|
| 710 |
2 |
|
|a SpringerLink (Online service)
|
| 773 |
0 |
|
|t Springer eBooks
|
| 830 |
|
0 |
|a Transgressions, Cultural Studies and Education ;
|v 85
|
| 856 |
4 |
0 |
|u http://dx.doi.org/10.1007/978-94-6091-891-9
|z Full Text via HEAL-Link
|
| 912 |
|
|
|a ZDB-2-SHU
|
| 950 |
|
|
|a Humanities, Social Sciences and Law (Springer-11648)
|